Loading...

Industrial organisation and management

Bibliografiske detaljer
Hovedforfatter: Sherlekar, S A
Format: Printed Book
Udgivet: Himalaya Publishing House, Bombay 1979
Fag:
LEADER 00502nam a2200157 4500
082 |a 658.5 SHE-I 
100 |a Sherlekar, S A 
245 |a Industrial organisation and management  |c Sherlekar, S A 
250
260 |a Himalaya Publishing House, Bombay  |c 1979 
300 |a 474 p 
490
650 |a Production management--Industrial management 
942 |c BK 
999 |c 124275  |d 124275 
952 |0 0  |1 0  |4 0  |6 658_500000000000000_SHEI  |7 0  |9 137737  |a COM  |b COM  |l 0  |o 658.5 SHE-I  |p COM00383  |r 2019-10-24  |w 2019-10-24  |y BK